000
00304nam a22001337a 4500
008
170227b xxu||||| |||| 00| 0 eng d
020
_a
ivqxvgv0uq2q2
041
_a
eng
080
_a
577
100
_a
5
101
_a
SHMB
245
_a
ESSENTIALS OF MEDICAL BIOCHEMISTRY
_c
LIEBERMAN, M
942
_2
udc
_c
BK
999
_c
6301
_d
6301